El trabajo a domicilio y el trabajo barato (Record no. 102359)

MARC details
000 -LEADER
campo de control de longitud fija 00567nam a2200169 i 4500
001 - NÚMERO DE CONTROL
campo de control 102359
003 - IDENTIFICADOR DE NÚMERO DE CONTROL
campo de control ES-MaACL
005 - FECHA Y HORA DE LA ÚLTIMA TRANSACCIÓN
campo de control 20230906183108.0
007 - CAMPO FIJO DE DESCRIPCIÓN FÍSICA--INFORMACIÓN GENERAL
campo de control de longitud fija t|
008 - DATOS DE LONGITUD FIJA--INFORMACIÓN GENERAL
campo de control de longitud fija 051110s1907 sp ||||1| spa d
100 1# - ENTRADA PRINCIPAL--NOMBRE DE PERSONA
Nombre de persona Mény, Georges.
9 (RLIN) 80389
245 13 - MENCIÓN DEL TÍTULO
Título El trabajo a domicilio y el trabajo barato
Resto del título : (investigaciones sociales) /
Mención de responsabilidad, etc. por Georges Mény; versión española de Cristobal de Reyna.
260 ## - PUBLICACIÓN, DISTRIBUCIÓN, ETC.
Lugar de publicación, distribución, etc. Madrid :
Nombre del editor, distribuidor, etc. [s.n.],
Fecha de publicación, distribución, etc. 1907 (
Fabricante Hijos de F. Marqués)
300 ## - DESCRIPCIÓN FÍSICA
Extensión 214 p. ;
Dimensiones 19 cm.
700 1# - ENTRADA AGREGADA--NOMBRE PERSONAL
Nombre de persona Reyna, Cristóbal de.
9 (RLIN) 96611
852 ## - LOCALIZACIÓN
Ubicación ES-MaACL
Número de control de estantería F-1688
Holdings
Estatus retirado Estado de pérdida Estado de daño No para préstamo Biblioteca de origen Biblioteca actual Ubicación en estantería Fecha de adquisición Fuente de adquisición Total de préstamos Signatura topográfica completa Código de barras Visto por última vez Precio de reemplazo Tipo de ítem Koha
        Biblioteca del Ateneo de Madrid Biblioteca del Ateneo de Madrid Depósito 2 17/01/2008     F-1688 1106850 23/02/2023 23/02/2023 Libro impreso